Babur Nama : / بابر نامہ (Record no. 27254)

MARC details
000 -LEADER
fixed length control field 00494nam a22001817a 4500
003 - CONTROL NUMBER IDENTIFIER
control field BDDh-ASL
005 - DATE AND TIME OF LATEST TRANSACTION
control field 20231015030738.0
008 - FIXED-LENGTH DATA ELEMENTS--GENERAL INFORMATION
fixed length control field 211028s1962 p ||||| |||| 00| 0 u d
040 ## - CATALOGING SOURCE
Original cataloging agency BDDh-ASL
Transcribing agency BDDh-ASL
082 ## - DEWEY DECIMAL CLASSIFICATION NUMBER
Classification number 920
Item number BAB
245 10 - TITLE STATEMENT
Title Babur Nama : / بابر نامہ
260 ## - PUBLICATION, DISTRIBUTION, ETC.
Place of publication, distribution, etc. Karachi :
Name of publisher, distributor, etc. Book Land ,
Date of publication, distribution, etc. 1962.
300 ## - PHYSICAL DESCRIPTION
Extent 426 p. :
Dimensions 25 cm.
505 ## - FORMATTED CONTENTS NOTE
Formatted contents note Badly Damaged.
650 #0 - SUBJECT ADDED ENTRY--TOPICAL TERM
9 (RLIN) 2838
Topical term or geographic name entry element Autobiography
700 1# - ADDED ENTRY--PERSONAL NAME
9 (RLIN) 5492
Personal name Haider, Mirza Nasiruddin
942 ## - ADDED ENTRY ELEMENTS (KOHA)
Source of classification or shelving scheme Dewey Decimal Classification
Koha item type Books
Holdings
Withdrawn status Lost status Source of classification or shelving scheme Damaged status Not for loan Collection code Home library Current library Shelving location Date acquired Source of acquisition Serial Enumeration / chronology Total Checkouts Full call number Barcode Date last seen Copy number Price effective from Koha item type
    Dewey Decimal Classification Damaged   Non-fiction Asiatic Society Library Asiatic Society Library General Stacks 10/28/2021 ASB Library Collection U-0657   920 BAB 113342 10/28/2021 C-1 10/28/2021 Books

Powered by Koha